|
|
|
|
| LEADER |
00858nab a2200205 i 4500 |
| 001 |
misc62023 |
| 005 |
20230301143656.0 |
| 008 |
230206s1943 hu o 0|| ger d |
| 040 |
|
|
|a SZTE Miscellanea Repozitórium
|b hun
|
| 041 |
|
|
|a ger
|
| 100 |
1 |
|
|a Pröhle Vilmos
|
| 245 |
1 |
0 |
|a Grundriss einer vergleichenden Syntax der uralaltaischen Sprachen mit besonderer Berücksichtigung der japanischen Sprache
|h [elektronikus dokumentum] /
|c Pröhle Vilmos
|
| 260 |
|
|
|a Königl. Ungarische Universitäts-Druckerei
|b Budapest
|c 1943
|
| 300 |
|
|
|a 61 p.
|c 24 cm
|
| 561 |
|
|
|a Németh Gyula hagyaték
|
| 591 |
|
|
|a LOA 2931; NOA 4719
|
| 650 |
|
4 |
|a Bölcsészettudományok
|
| 650 |
|
4 |
|a Nyelvek és irodalom
|
| 695 |
|
|
|a Összehasonlító nyelvészet - japán - urál-altaji nyelvek - mondattan
|
| 856 |
4 |
0 |
|u http://misc.bibl.u-szeged.hu/62023/1/4719_noa.pdf
|z Dokumentum-elérés
|